Índices del Boletín de la Real Academia de la Historia / (Record no. 187689)
[ view plain ]
| 000 -LEADER | |
|---|---|
| campo de control de longitud fija | 00852nam a2200181 i 4500 |
| 001 - NÚMERO DE CONTROL | |
| campo de control | 187689 |
| 003 - IDENTIFICADOR DE NÚMERO DE CONTROL | |
| campo de control | ES-MaACL |
| 005 - FECHA Y HORA DE LA ÚLTIMA TRANSACCIÓN | |
| campo de control | 20240828063033.0 |
| 008 - DATOS DE LONGITUD FIJA--INFORMACIÓN GENERAL | |
| campo de control de longitud fija | 180117m19451956sp |||| | spa d |
| 100 1# - ENTRADA PRINCIPAL--NOMBRE DE PERSONA | |
| Nombre de persona | Castañeda y Alcover, Vicente, |
| Fechas asociadas al nombre | 1884-1958 |
| 9 (RLIN) | 36414 |
| 245 10 - MENCIÓN DEL TÍTULO | |
| Título | Índices del Boletín de la Real Academia de la Historia / |
| Mención de responsabilidad, etc. | por Vicente Castañeda Alcover. |
| 260 ## - PUBLICACIÓN, DISTRIBUCIÓN, ETC. | |
| Lugar de publicación, distribución, etc. | Madrid : |
| Nombre del editor, distribuidor, etc. | [s.n.], |
| Fecha de publicación, distribución, etc. | 1945-1956 ( |
| Fabricante | Viuda de Estanislao Maestre) |
| 300 ## - DESCRIPCIÓN FÍSICA | |
| Extensión | 2 v. ; |
| Dimensiones | 25 cm. |
| 505 8# - NOTA DE CONTENIDO CON FORMATO | |
| Nota de contenido con formato | Contiene: Tomos I al CXV (1877-1944): índice cronológico -- Suplemento primero, tomos CXVI-CXXXVII (1945-1955) : índices cronológico, de autores y nombres propios, de materias y geográfico, de láminas |
| 630 #0 - PUNTO DE ACCESO ADICIONAL DE MATERIA--TÍTULO UNIFORME | |
| Título uniforme | Boletín de la Real Academia de la Historia- |
| Subdivisión de forma | Índices. |
| 9 (RLIN) | 164092 |
| 852 ## - LOCALIZACIÓN | |
| Ubicación | ES-MaACL |
| Número de control de estantería | L-31855-56 |
| Estatus retirado | Estado de pérdida | Estado de daño | No para préstamo | Biblioteca de origen | Biblioteca actual | Ubicación en estantería | Fecha de adquisición | Fuente de adquisición | Total de préstamos | Signatura topográfica completa | Código de barras | Visto por última vez | Precio de reemplazo | Tipo de ítem Koha |
|---|---|---|---|---|---|---|---|---|---|---|---|---|---|---|
| Biblioteca del Ateneo de Madrid | Biblioteca del Ateneo de Madrid | Depósito | 17/01/2018 | L31855-56 | 1198269 | 23/02/2023 | 23/02/2023 | Libro impreso |
